000 00337nam a2200145Ia 4500
008 191201s2008 xx 000 0 und d
082 _a621.380413
_bPRD
100 _aPROAKIS, John G
245 0 _aDigital Communications
250 _a5th
260 _aN.Delhi
_bMGH
_c2008
300 _a1150
650 _aB.Tech(ECE)
942 _2ddc
_cBK
999 _c3926
_d3926